Logo BPK

Biblioteka

Politechniki Koszalińskiej

Belarus'- fakty 2006 (Rekord nr 24093)

Szczegóły MARC
000 -ETYKIETA REKORDU
podpole kontrolne o stałej długości 00654nam a2200193 i 4500
001 - NUMER KONTROLNY REKORDU
pole kontrolne bg
040 ## - ŹRÓDŁO KATALOGOWANIA
Instytucja, która utworzyła rekord BPK
041 w# - KOD JĘZYKA
Kod języka tekstu rusengfra
080 ## - UNIWERSALNA KLASYFIKACJA DZIESIĘTNA - UKD
UKD 913(476)
008 - POLE O STAŁEJ DŁUGOŚCI - DANE KONTROLNE
podpole kontrolne o stałej długości s pl f |000 0 pol
245 00 - TYTUŁ/ODPOWIEDZIALNOŚĆ
Tytuł Belarus'- fakty 2006
Typ dokumentu [Dokument elektroniczny] /
Pozostałe elementy strefy tytułu i oznaczenia odpowiedzialności Ministerstvo Innostrannych Del Respubliki Belarus'.
260 ## - STREFA ADRESU WYDAWNICZEGO
Miejsce wydania [Minsk] :
Nazwa wydawcy/dystrybutora Kavaler,
Data publikacji, dystrybucji/powstania dokumentu cop. 2006.
300 ## - STREFA OPISU FIZYCZNEGO
Objętość 1 dysk optyczny (CD ROM) :
Inne cechy fizyczne fot., mapy kolor. ;
Rozmiary 12 cm.
500 ## - UWAGI OGÓLNE
Tekst uwagi Dane tekstowe.
500 ## - UWAGI OGÓLNE
Tekst uwagi Wymagania systemowe: IBM PC, Windows 98 lub nowsze, karta graficzna, czytnik CD ROM, IE.
651 #9 - HASŁO PRZEDMIOTOWE W FORMIE NAZWY GEOGRAFICZNEJ
Nazwa geograficzna Białoruś
655 ## - TERMIN INDEKSOWY - OKREŚLENIE RODZAJU/FORMY DOKUMENTU
Określenie rodzaju/formy dokumentu Dokumenty elektroniczne
942 ## - DODATKOWE ELEMENTY (KOHA)
Typ dokumentu Płyta CD
Egzemplarze
Wycofany Status egzemplarza Uszkodzony Dostępność Lokalizacja stała Lokalizacja bieżąca Miejsce przechowywania Sygnatura Kod kreskowy Dział Typ dokumentu
      Tylko na miejscu Biblioteka Politechniki Koszalińskiej Biblioteka Politechniki Koszalińskiej Czytelnia BG CD 1494 02204925 0/9(0.034.2) Dokumenty elektroniczne Płyta CD
© 2023 Biblioteka Politechniki Koszalińskiej :: KOHA